03891cam a2200301 a 45000010009000000050017000090080041000260100017000670200027000840200030001110200022001410200025001630350020001880400086002080500023002940820024003172450133003412460019004742600031004933000054005245040064005785052774006426500022034166500029034386500020034677000019034878560083035061443364120170105102940.0060630s2006    nyuab    b    001 0 eng    a  2006021673  a0810930951 (hardcover)  a9780810930957 (hardcover)  a0810993384 (pbk.)  a9780810993389 (pbk.)  a(OCoLC)70258916  aDLCcDLCdYDXdBAKERdGZMdVP@dBTCTAdYDXCPdOMBdGK8dOCLCQdLMRdLVBdOMPdDLC00aHC79.E5bW676 200600a333.7222bWOR 200600aWorldchanging :ba user's guide for the 21st century /cedited by Alex Steffen ; foreword by Al Gore ; design by Sagmeister Inc.3 aWorld changing  aNew York :bAbrams,c2006.  a596 p. :bill. (chiefly col.), col. map ;c25 cm.  aIncludes bibliographical references (p. 538-546) and index.0 aSTUFF: Questioning consumption -- Consuming responsibly -- Understanding trade -- Creating healthy homes -- Doing the right thing can be delicious -- Buying better food everywhere -- Eating better meat and fish -- Preserving barnyard biodiversity -- Cars and fuel -- Bright green consumerism -- Designing a sustainable world -- Picking green materials -- Craft it yourself -- Engineer it yourself -- Art meets technology -- Biomimicry -- Nanotechnology -- Neobiological industry -- Knowing what's green -- Producer responsibility -- Collaborative design -- Open source -- Design for development -- Bright green computers -- SHELTERS: Green remodeling -- Building a green home -- Living well in a compact space -- Developing green housing -- Furniture and home decor -- Lighting -- Energy -- Using energy  efficiently -- Green power -- Going off the grid -- Smart grids -- Water -- Conserving water -- Thinking differently about water -- Landscaping -- EcoHouse Brazil -- Refugees -- Reinventing the refugee camp -- Transforming disaster relief -- Open-source humanitarian design -- Land mines -- Rethinking refugee reconstruction -- CITIES: The bright green city -- Vancouver -- Portland -- Retrofitting the suburbs -- Big green buildings and skyscrapers -- Healing polluted land -- Greening infrastructure -- Place-making -- Urban transportation -- Product-service systems -- Chinese cities of the future -- Lagos -- Megacity innovations -- The hidden vitality of slums -- Leapfrogging -- ICT4D -- Brazil's Telecentros -- Leapfrogging infrastructure -- COMMUNITY: Holistic problem solving -- Education and literacy -- Educating girls and empowering women -- Public health -- South-south science -- Copyfight -- Urban community development -- Community capital -- Microfinance -- Social entrepreneurship -- Giving well -- The barefoot college -- Travel and tourism -- Global culture -- BUSINESS: Your money -- Creating business value from sustainability -- Green marketing -- Brands -- Thriving in a bright green economy -- Seeing the big picture -- Start-up 101 -- POLITICS: Movement building -- Networking politics -- Amplifying your voice -- Connecting with others -- Tools for talking -- Demanding transparency -- Demanding human rights -- Watching the watchers -- Protest -- Direct action -- Nonviolent revolution -- Ending violence -- PLANET: Placing yourself -- Citizen science -- Restoration ecology -- Ecosystem services -- Biodiversity: how much nature is enough? Sustainable forestry -- Creating rural sustainability in the global south -- Future of the small town -- Local greenhouse forecast -- Climate foresight -- A personal action plan -- Mapping -- Charting the deep oceans -- Polar regions -- The solar system: greens in space -- Imagining the future. 0aEnvironmentalism. 0aSustainable development. 0aGreen movement.1 aSteffen, Alex.413Table of contents onlyuhttp://www.loc.gov/catdir/toc/ecip0616/2006021673.html